000 00664nam a2200229Ia 4500
003 OSt
005 20250808182607.0
008 210423s2011 xx 000 0 und d
020 _a9788130915357
040 _cAL
041 _aEnglish
082 _a320.011973
_b ZARI
100 _aWilliam I Zartman
_994734
245 _aImbalance of power
_b: US Hegemony and international order
260 _aNew Delhi
_bViva Books Pvt Ltd
_c2011
300 _aviii,289
_bHB
365 _b895
_cINR
650 _aPolitical Science
_994735
650 _aPolitical Science
_994735
906 _aHegemony ; Imbalance ; international ; order ; power: ; US
942 _2ddc
_cBK
999 _c161275
_d161275